000 00642nam a2200205 i 4500
001 42398
003 ES-MaACL
005 20250814063214.0
007 t|
008 030313s1956 sp ||||1| spa d
100 1 _aCastillo-Puche, José Luis,
_d1919-2004
_936763
245 1 3 _aEl vengador
_b: novela /
_cJosé Luis Castillo-Puche.
250 _a[1ª ed.].
260 _aBarcelona :
_bPlaneta,
_c[1956] (
_fImp. Pulcra)
300 _a339 p. ;
_c19 cm.
490 1 _aAutores españoles contemporáneos
830 0 _aAutores españoles contemporáneos
_9180811
852 _aES-MaACL
_jC-13401
_bR.39925
999 _c42398
_d42398